Obchodovanie s emisiami v Slovenskej republike v kontexte európskeho systému obchodovania s emisiami

Energetická bezpečnosť a klimatické zmeny sú témou svetovej hospodárskej a environmentálnej politiky . V tejto súvislosti sa vyskytuje trh pre obchodovanie s emisiami skleníkových plynov. Cena sa neustále mení v závislosti na vývoji trhu. Problematika obchodovania s emisiami skleníkových plynov,...

Descripción completa

Guardado en:
Detalles Bibliográficos
Autor principal: Andrejčíková, Mária
Otros Autores: Urblíková, Daniela
Formato: Capítulo de libro
Lenguaje:eslovaco
Materias:
Etiquetas: Agregar Etiqueta
Sin Etiquetas, Sea el primero en etiquetar este registro!

MARC

LEADER 00000nla a2200000 4500
001 0183639
005 20221104123134.4
041 0 |a slo 
044 |a SK 
245 1 0 |a Obchodovanie s emisiami v Slovenskej republike v kontexte európskeho systému obchodovania s emisiami  |c Mária Andrejčíková, Daniela Urblíková 
520 |a Energetická bezpečnosť a klimatické zmeny sú témou svetovej hospodárskej a environmentálnej politiky . V tejto súvislosti sa vyskytuje trh pre obchodovanie s emisiami skleníkových plynov. Cena sa neustále mení v závislosti na vývoji trhu. Problematika obchodovania s emisiami skleníkových plynov, ktoré sa dostávajú do atmosféry a ich následná likvidácia. 
610 2 0 |a emisie 
610 2 0 |a Európska únia 
610 2 0 |a obchod 
610 2 0 |a bezpečnosť energetická 
610 2 0 |a bezpečnosť environmentálna 
100 1 |a Andrejčíková, Mária 
700 1 |a Urblíková, Daniela